| 000 | 00447nam a2200145 i 4500 | ||
|---|---|---|---|
| 001 | 62314 | ||
| 003 | ES-MaACL | ||
| 007 | t| | ||
| 008 | 031119s1983 sp ||||1| spa d | ||
| 100 | 1 |
_aFernández, José-Reyes. _949389 |
|
| 245 | 1 | 0 |
_aEn torno el Guimarán y otras imprecisiones / _cJosé-Reyes Fernández. |
| 260 |
_a[Castellón : _bs.n., _c1983] ( _fHijos de F. Armengot) |
||
| 300 |
_a148 p. ; _c19 cm. |
||
| 852 |
_aES-MaACL _jL-5996 _bR.106180 |
||
| 999 |
_c62314 _d62314 |
||